| 000 | 00674nam a2200193 a 4500 | ||
|---|---|---|---|
| 001 | 000043047 | ||
| 005 | 20201002040610.0 | ||
| 008 | 140218s1996 xxuabc 001 0 spa d | ||
| 020 | _a0198204973 | ||
| 040 |
_aDO-SdBNP _bspa _cBNPHU |
||
| 100 | 1 |
_aBond, Brian _970571 |
|
| 245 | 1 | 0 |
_aThe pursuit of victory. : _bfrom Napoleon to Saddam Hussein / _cBrian Bond. |
| 260 |
_aNew York, : _bOxford University Press, _c1996. |
||
| 300 |
_a240 p. : _bil., mapa, retrs. ; _c25 cm. |
||
| 500 | _aIncluye notas p: 205-225 | ||
| 500 | _aIncluye datos biografícos del autor en la solapa de la contraportada | ||
| 500 | _aIncluye índice p: 231-240 | ||
| 504 | _aBibliografía p: 227-230 | ||
| 999 |
_c42536 _d42536 |
||